000 00454nmm a2200169Ia 4500
008 251105s9999||||xx |||||||||||||||||und||
020 _a9788498958010
041 _aspa
100 _aJordá, Eduardo
245 0 _aTulipanes rojos
264 _a[Madrid, España] :
_bVisor Libros,
_c2011
300 _a70 páginas
490 _aVisor de Poesía
650 _aSpanish poetry
856 _uhttps://public.digitaliapublishing.com/a/41484
942 _cCF
999 _c92288
_d92288